000 00324nam a22001457a 4500
008 230316b ||||| |||| 00| 0 eng d
020 _a9780736082303
041 _aeng
080 _29780736082303
_a611
082 _2611PUL
100 _a10
101 _aANATOMI
245 _aRUNNING ANATOMY
_cPULEO J
942 _2udc
_cBK
999 _c59361
_d59361